[Event "Wch U12"]
[Site "Montesilvano"]
[Date "2024.11.25"]
[Round "10"]
[White "Vaidyanathan, Adithya"]
[Black "Mikolavicius, Julius"]
[Result "1-0"]
[WhiteElo "2018"]
[BlackElo "1746"]
[PlyCount "91"]
[EventDate "2024.11.15"]
[EventType "swiss"]
[EventRounds "11"]
[EventCountry "ITA"]
[SourceTitle "CB48_2024"]
[SourceDate "2024.11.28"]
[SourceVersion "1"]
[SourceVersionDate "2024.11.28"]
[SourceQuality "1"]

1. d4 d6 2. Nf3 Nf6 3. c4 c6 4. Nc3 Qa5 5. Bd2 e5 6. Ne4 Qd8 7. Nxf6+ gxf6 8. Bc3 Bf5 9. Qd2 Nd7 10. g3 Bg6 11. Bh3 Qc7 12. 0-0-0 0-0-0 13. Nh4 Kb8 14. Bxd7 Qxd7 15. dxe5 Qe6 16. exf6 Qxc4 17. Nxg6 hxg6 18. Kb1 Bh6 19. Qd3 Qe6 20. e4 Bg5 21. Qf3 Rh3 22. e5 d5 23. Qg2 Rhh8 24. f4 Bh6 25. h4 c5 26. Qh3 Qb6 27. f5 d4 28. Bd2 c4 29. Bxh6 Rxh6 30. Rc1 c3 31. Rc2 Qb5 32. fxg6 Rxg6 33. h5 Rgg8 34. e6 d3 35. Rxc3 d2 36. Rd1 Qe2 37. Qh1 Qxe6 38. Qf3 Rd6 39. Re3 Qc4 40. h6 Rh8 41. Re7 Rc6 42. Qc3 Qd5 43. Qxd2 Qf5+ 44. Ka1 Qxf6 45. Qd7 Rb6 46. Qd8+ 1-0

[Event "LTU-ch Amateurs"]
[Site "Kaunas"]
[Date "2024.10.29"]
[Round "7"]
[White "Ozhaiska, Yaryna"]
[Black "Mikolavicius, Julius"]
[Result "1-0"]
[WhiteElo "1789"]
[BlackElo "1750"]
[PlyCount "51"]
[EventDate "2024.10.26"]
[EventType "swiss"]
[EventRounds "7"]
[EventCountry "LTU"]
[SourceTitle "CB44_2024"]
[Source "Chessbase"]
[SourceDate "2024.10.30"]
[SourceVersion "1"]
[SourceVersionDate "2024.10.30"]
[SourceQuality "1"]

1. e4 d6 2. d4 Nf6 3. Nc3 c6 4. f4 Qa5 5. Bd3 e5 6. Nge2 exd4 7. Nxd4 Be7 8. 0-0 0-0 9. Kh1 Re8 10. Bd2 Qh5 11. Qxh5 Nxh5 12. Rae1 g6 13. e5 Rd8 14. e6 Bf6 15. exf7+ Kxf7 16. Nf3 Ng7 17. Ne4 Ne8 18. Nfg5+ Kg8 19. Nxf6+ Nxf6 20. Bc3 Nbd7 21. Re7 b5 22. Nf7 Re8 23. Nh6+ Kh8 24. Rxe8+ Kg7 25. Ng4 Kf7 26. Nxf6 1-0

[Event "LTU-ch Amateurs"]
[Site "Kaunas"]
[Date "2024.10.28"]
[Round "6"]
[White "Mikolavicius, Julius"]
[Black "Cumacenko, Saule"]
[Result "1-0"]
[WhiteElo "1750"]
[BlackElo "1562"]
[PlyCount "81"]
[EventDate "2024.10.26"]
[EventType "swiss"]
[EventRounds "7"]
[EventCountry "LTU"]
[SourceTitle "CB44_2024"]
[Source "Chessbase"]
[SourceDate "2024.10.30"]
[SourceVersion "1"]
[SourceVersionDate "2024.10.30"]
[SourceQuality "1"]

1. e4 e5 2. Nf3 Nc6 3. Bc4 Bc5 4. d4 exd4 5. c3 Qe7 6. 0-0 d3 7. Qxd3 Ne5 8. Nxe5 Qxe5 9. Be3 Bxe3 10. Qxe3 Nf6 11. f4 Qxe4 12. Qxe4+ Nxe4 13. Re1 f5 14. Nd2 c6 15. Nxe4 fxe4 16. Rxe4+ Kd8 17. Bd3 g6 18. Rae1 d5 19. Re7 Bd7 20. Rg7 Re8 21. Rxe8+ Bxe8 22. Rxh7 b5 23. Rg7 a5 24. Rg8 Kd7 25. Bxg6 b4 26. cxb4 axb4 27. Bxe8+ Rxe8 28. Rxe8 Kxe8 29. Kf2 Ke7 30. Ke3 Kd6 31. g4 c5 32. g5 Ke6 33. g6 c4 34. h4 Kf6 35. h5 Kg7 36. Kd4 Kf6 37. a4 c3 38. bxc3 b3 39. Kd3 Ke6 40. a5 Kf6 41. a6 1-0

[Event "Klaipeda Sea op 21st"]
[Site "Klaipeda"]
[Date "2024.07.28"]
[Round "6"]
[White "Mikolavicius, Julius"]
[Black "Spevak, Dovydas"]
[Result "0-1"]
[WhiteElo "1670"]
[BlackElo "1854"]
[PlyCount "70"]
[EventDate "2024.07.24"]
[EventType "swiss"]
[EventRounds "6"]
[EventCountry "LTU"]
[SourceTitle "EXT 2025"]
[Source "ChessBase"]
[SourceDate "2024.10.14"]
[SourceVersion "1"]
[SourceVersionDate "2024.10.14"]
[SourceQuality "1"]

1. e4 c6 2. d4 d5 3. Nc3 dxe4 4. Bc4 Nf6 5. f3 b5 6. Bb3 e6 7. Bg5 Be7 8. fxe4 b4 9. Bxf6 Bxf6 10. Nce2 0-0 11. Nf3 Ba6 12. e5 Bh4+ 13. g3 Be7 14. 0-0 c5 15. c3 Nc6 16. Bc2 bxc3 17. bxc3 cxd4 18. Be4 Qb6 19. Bxc6 Bxe2 20. Qxe2 dxc3+ 21. Kh1 Qxc6 22. Qc2 Rab8 23. Rab1 Rxb1 24. Qxb1 c2 25. Qa1 Rc8 26. Qc1 Ba3 27. Qxa3 c1Q 28. Rxc1 Qxc1+ 29. Qxc1 Rxc1+ 30. Kg2 Rc2+ 31. Kf1 Rxa2 32. Ke1 f6 33. exf6 gxf6 34. Nd2 Rxd2 35. Kxd2 Kf7 0-1

[Event "Klaipeda Sea op 21st"]
[Site "Klaipeda"]
[Date "2024.07.27"]
[Round "5"]
[White "Gutauskas, Rojus"]
[Black "Mikolavicius, Julius"]
[Result "0-1"]
[WhiteElo "1663"]
[BlackElo "1670"]
[PlyCount "90"]
[EventDate "2024.07.24"]
[EventType "swiss"]
[EventRounds "6"]
[EventCountry "LTU"]
[SourceTitle "EXT 2025"]
[Source "ChessBase"]
[SourceDate "2024.10.14"]
[SourceVersion "1"]
[SourceVersionDate "2024.10.14"]
[SourceQuality "1"]

1. e4 e5 2. Nf3 Nc6 3. Bc4 Nf6 4. d3 Bc5 5. 0-0 d6 6. h3 Be6 7. Bb3 h6 8. Be3 Bb6 9. Nc3 Qd7 10. Qe2 g5 11. Nd5 Bxd5 12. exd5 Ne7 13. c4 Nf5 14. Bxb6 axb6 15. Rfe1 0-0-0 16. a4 h5 17. a5 g4 18. axb6 cxb6 19. Nxe5 Qe7 20. c5 bxc5 21. Qd2 dxe5 22. Qc3 Nd4 23. Ra8+ Kd7 24. Ra7 Rb8 25. Ba4+ Kc8 26. b4 Nxd5 27. Qc4 Nb6 28. Qa2 Nxa4 29. Rxa4 f6 30. bxc5 Qd7 31. h4 Nf3+ 32. gxf3 gxf3 33. Kh2 Kc7 34. c6 bxc6 35. Ra7+ Rb7 36. Qa5+ Kd6 37. Rxb7 Qxb7 38. d4 Qb5 39. dxe5+ fxe5 40. Qa3+ Ke6 41. Rd1 Qc4 42. Rd6+ Kf5 43. Qa7 Qxh4+ 44. Kg1 Rg8+ 45. Kf1 Qh1# 0-1

[Event "Plunge op-B 43rd"]
[Site "Plateliai"]
[Date "2024.07.20"]
[Round "8"]
[White "Mikolavicius, Julius"]
[Black "Kuslikis, Dominykas"]
[Result "1-0"]
[WhiteElo "1670"]
[BlackElo "1666"]
[PlyCount "51"]
[EventDate "2024.07.15"]
[EventType "swiss"]
[EventRounds "9"]
[EventCountry "LTU"]
[SourceTitle "CBM 221 Extra"]
[Source "ChessBase"]
[SourceDate "2024.09.30"]
[SourceVersion "1"]
[SourceVersionDate "2024.09.30"]
[SourceQuality "1"]

1. e4 c6 2. d4 d5 3. Nc3 dxe4 4. Bc4 Nf6 5. f3 exf3 6. Nxf3 Bf5 7. 0-0 e6 8. Ng5 Bg4 9. Nxf7 Qb6 10. Qd2 Kxf7 11. h3 Bh5 12. g4 Bg6 13. g5 Nbd7 14. Qf2 Bd6 15. gxf6 gxf6 16. Bg5 Rhg8 17. Kh1 f5 18. Rae1 Rae8 19. Ne4 Bc7 20. c3 Kg7 21. Qh4 fxe4 22. Bf6+ Nxf6 23. Qxf6+ Kh6 24. Rxe4 Bg3 25. Rff4 Qa5 26. d5 1-0

[Event "Plunge op-B 43rd"]
[Site "Plateliai"]
[Date "2024.07.18"]
[Round "6"]
[White "Mikolavicius, Julius"]
[Black "Vaitiekunas, Motiejus"]
[Result "1/2-1/2"]
[WhiteElo "1670"]
[BlackElo "1544"]
[PlyCount "89"]
[EventDate "2024.07.15"]
[EventType "swiss"]
[EventRounds "9"]
[EventCountry "LTU"]
[SourceTitle "CBM 221 Extra"]
[Source "ChessBase"]
[SourceDate "2024.09.30"]
[SourceVersion "1"]
[SourceVersionDate "2024.09.30"]
[SourceQuality "1"]

1. e4 e5 2. Nf3 Nc6 3. Bc4 Bc5 4. d3 Nf6 5. Nc3 d6 6. Be3 Bxe3 7. fxe3 h6 8. 0-0 Bg4 9. Nd5 Nxd5 10. Bxd5 0-0 11. a3 Ne7 12. Ba2 c6 13. Qe1 Be6 14. Bxe6 fxe6 15. Qg3 Qb6 16. d4 Rf7 17. dxe5 Qxe3+ 18. Kh1 d5 19. Rae1 Qc5 20. exd5 cxd5 21. b4 Qxc2 22. Nd4 Rxf1+ 23. Rxf1 Qg6 24. Qxg6 Nxg6 25. Nxe6 Re8 26. Nc5 Rxe5 27. Nxb7 Re3 28. a4 d4 29. Rd1 d3 30. Kg1 Re4 31. Rxd3 Rxb4 32. Nc5 Ne5 33. Rb3 Rxb3 34. Nxb3 Kf7 35. Kf2 Ke6 36. Nd4+ Kf6 37. Nb5 a5 38. h3 Nc4 39. Kf3 Nb6 40. Nc3 Ke5 41. Ke3 Nd5+ 42. Nxd5 Kxd5 43. Kd3 Kc5 44. Kc3 Kd5 45. g3 1/2-1/2

[Event "Panevezys op-C"]
[Site "Panevezys"]
[Date "2022.07.01"]
[Round "2"]
[White "Mikolavicius, Julius"]
[Black "Katinas, Kazimieras"]
[Result "1-0"]
[WhiteElo "1134"]
[BlackElo "1476"]
[PlyCount "67"]
[EventDate "2022.07.01"]
[EventType "swiss"]
[EventRounds "7"]
[EventCountry "LTU"]
[SourceTitle "EXT 2023"]
[Source "ChessBase"]
[SourceDate "2022.10.05"]
[SourceVersion "1"]
[SourceVersionDate "2022.10.05"]
[SourceQuality "1"]

1. e4 Nf6 2. Nc3 Nc6 3. d4 d6 4. Nf3 Bg4 5. Be2 e5 6. d5 Bxf3 7. Bxf3 Nd4 8. Be3 Nxf3+ 9. Qxf3 Qd7 10. Qe2 a6 11. f3 Be7 12. a3 h6 13. Qd2 0-0 14. 0-0 Nh7 15. Ne2 Bg5 16. Bxg5 Nxg5 17. Ng3 g6 18. h4 Nh7 19. Qxh6 c6 20. h5 g5 21. Nf5 f6 22. dxc6 bxc6 23. Rad1 Rf7 24. Rxd6 Qc7 25. Rfd1 Nf8 26. Rxf6 Rh7 27. Qxg5+ Kh8 28. Rdd6 Qb6+ 29. Kh2 Qxb2 30. Rh6 Raa7 31. Rd8 Qxa3 32. Qf6+ Kg8 33. Rg6+ Rhg7 34. Rxg7+ 1-0

[Event "Taujenai Manor Cup"]
[Site "Taujenai"]
[Date "2021.11.28"]
[Round "6"]
[White "Velicka, Ramunas"]
[Black "Mikolavicius, Julius"]
[Result "1-0"]
[WhiteElo "1606"]
[BlackElo "1152"]
[PlyCount "79"]
[EventDate "2021.11.27"]
[EventType "swiss (rapid)"]
[EventRounds "9"]
[EventCountry "LTU"]
[SourceTitle "EXT 2023"]
[Source "ChessBase"]
[SourceDate "2022.10.05"]
[SourceVersion "1"]
[SourceVersionDate "2022.10.05"]
[SourceQuality "1"]

1. e4 e5 2. Nf3 Nc6 3. d4 exd4 4. Nxd4 Nxd4 5. Qxd4 Nf6 6. Bc4 b6 7. e5 Bc5 8. Qf4 d5 9. Bb5+ Nd7 10. Bc6 Rb8 11. e6 fxe6 12. 0-0 Bb7 13. Re1 Bxc6 14. Rxe6+ Be7 15. Rxc6 Bd6 16. Qe3+ Ne5 17. f4 Bc5 18. Rxc5 bxc5 19. Qxe5+ Qe7 20. Qxe7+ Kxe7 21. Be3 Rxb2 22. Bxc5+ Kd7 23. Na3 Rb7 24. Rd1 c6 25. c4 Ke6 26. Re1+ Kf5 27. cxd5 cxd5 28. g3 Rd7 29. Re5+ Kf6 30. Nb5 Ra8 31. Nd4 h6 32. g4 g5 33. Rf5+ Kg6 34. fxg5 hxg5 35. Nf3 Rc8 36. Ne5+ Kg7 37. Nxd7 Rc7 38. Rxd5 Kf7 39. Rf5+ Ke6 40. Nf8# 1-0